<?xml version="1.0" encoding="UTF-8"?>
<collection xmlns="http://www.loc.gov/MARC21/slim">
  <record>
    <leader>00000nam  2200000   4500</leader>
    <controlfield tag="001">INLIS000000000015949</controlfield>
    <controlfield tag="005">20231003113122</controlfield>
    <datafield tag="035" ind1="#" ind2="#">
      <subfield code="a">0010-1023000031</subfield>
    </datafield>
    <datafield tag="245" ind1="1" ind2="#">
      <subfield code="a">Peningkatan Pelayanan Masyarakat Melalui Kolaborasi Pengembangan Sistem Registrasi dan Identifikasi Kendaraan Bermotor /</subfield>
      <subfield code="c">Muhammad Pratama Adhyasastra</subfield>
    </datafield>
    <datafield tag="100" ind1=" " ind2="#">
      <subfield code="a">Muhammad Pratama Adhyasastra</subfield>
    </datafield>
    <datafield tag="250" ind1="#" ind2="#">
      <subfield code="a">1</subfield>
    </datafield>
    <datafield tag="300" ind1="#" ind2="#">
      <subfield code="a">65 halaman :</subfield>
      <subfield code="b">ilus ;</subfield>
      <subfield code="c">30 cm</subfield>
    </datafield>
    <datafield tag="856" ind1="#" ind2="#">
      <subfield code="a">Perpustakaan LAN Pusat</subfield>
    </datafield>
    <datafield tag="260" ind1="#" ind2="#">
      <subfield code="a">Jakarta :</subfield>
      <subfield code="b">Pusbangkom Pimnas dan Manajerial ASN,</subfield>
      <subfield code="c">2022</subfield>
    </datafield>
    <datafield tag="084" ind1="#" ind2="#">
      <subfield code="a">R 146 PIM I 2022</subfield>
    </datafield>
    <datafield tag="650" ind1="#" ind2="4">
      <subfield code="a">Kendaraan</subfield>
    </datafield>
    <datafield tag="520" ind1="#" ind2="#">
      <subfield code="a">Fokus proyek perubahan ini adalah mewujudkan percepatan pelayanan, penegakkan hukum, perlindungan dan jaminan keamanan kepada masyarakat. Untuk itu, dalam pentahapan proyek perubahan ini memiliki output antara yang terdiri dari (1) integrasi satu data melalui sistem pelayanan registrasi dan identifikasi nomor kendaraan bermotor, (2) sistem deteksi dini terhadap resiko pencurian kendaraan bermotor berbasis informasi teknologi (3) kajian permasalahan pelayanan registrasi identifikasi kendaraan bermotor khususnya untuk keamanan masyarakat dalam bentuk artikel ilmiah (4) rekomendasi kebijakan berupa Policy Brief (5) Kolaborasi melalui perjanjian kerjasama dalam pelaksanaan pelayanaan registrasi identifikasi kendaraan bermotor dan (6) dasar kebijakan melalui peraturan Kepala Kepolisian tentang sistem elektronik keabsahan data kendaraan bermotor, (7) pelaksanaan uji coba pelayanan pengecekan kendaraan bermotor untuk keamanan masyarakay di wilayah pintu masuk pulau jawa dan sumatera.</subfield>
    </datafield>
    <datafield tag="990" ind1="#" ind2="#">
      <subfield code="a">146</subfield>
    </datafield>
  </record>
</collection>
